MARC details
| 000 -LEADER |
| fixed length control field |
01373cam a2200337 4500 |
| 001 - CONTROL NUMBER |
| control field |
2653720 |
| 003 - CONTROL NUMBER IDENTIFIER |
| control field |
BDDh-ASL |
| 005 - DATE AND TIME OF LATEST TRANSACTION |
| control field |
20231015030223.0 |
| 008 - FIXED-LENGTH DATA ELEMENTS--GENERAL INFORMATION |
| fixed length control field |
710408s1970 enkab b 000 0 eng |
| 010 ## - LIBRARY OF CONGRESS CONTROL NUMBER |
| LC control number |
70085707 |
| 015 ## - NATIONAL BIBLIOGRAPHY NUMBER |
| National bibliography number |
B*** |
| 020 ## - INTERNATIONAL STANDARD BOOK NUMBER |
| International Standard Book Number |
9781409445999 |
| 040 ## - CATALOGING SOURCE |
| Original cataloging agency |
DLC |
| Transcribing agency |
DLC |
| Modifying agency |
DLC |
| -- |
BDDh-ASL |
| 041 1# - LANGUAGE CODE |
| Language code of text/sound track or separate title |
engmul |
| 043 ## - GEOGRAPHIC AREA CODE |
| Geographic area code |
e-ur-gs |
| -- |
e-ur--- |
| 050 00 - LIBRARY OF CONGRESS CALL NUMBER |
| Classification number |
G161 |
| Item number |
.H2 2d ser., no. 138-139 |
| 051 ## - LIBRARY OF CONGRESS COPY, ISSUE, OFFPRINT STATEMENT |
| Classification number |
DK511.G44 |
| Item number |
A7 |
| Copy information |
Copy 2. |
| 082 00 - DEWEY DECIMAL CLASSIFICATION NUMBER |
| Classification number |
327.4704 |
| Item number |
ALR |
| 100 1# - MAIN ENTRY--PERSONAL NAME |
| Personal name |
Allen, W. E. D. |
| Fuller form of name |
(William Edward David), |
| Dates associated with a name |
1901- |
| Relator term |
comp. |
| 245 10 - TITLE STATEMENT |
| Title |
Russian embassies to the Georgian kings (1589-1605), Vol.-1 / |
| Statement of responsibility, etc. |
Edited with introd., additional notes, commentaries and bibliography by W. E. D. Allen. Texts translated by Anthony Mango. |
| 260 ## - PUBLICATION, DISTRIBUTION, ETC. |
| Place of publication, distribution, etc. |
Cambridge [Eng.] |
| Name of publisher, distributor, etc. |
Published for the Hakluyt Society at the University Press, |
| Date of publication, distribution, etc. |
1970. |
| 300 ## - PHYSICAL DESCRIPTION |
| Extent |
v-1, 367 p. : |
| Other physical details |
illus. (part col.), maps (part fold.) |
| Dimensions |
23 cm. |
| 350 ## - PRICE (NR) (BK AM CF MU VM SE) [OBSOLETE] |
| Price |
£6/-/- |
| -- |
($18.50 U.S.) |
| 490 1# - SERIES STATEMENT |
| Series statement |
Works issued by the Hakluyt Society, second series no. 138-139 |
| 504 ## - BIBLIOGRAPHY, ETC. NOTE |
| Bibliography, etc. note |
Bibliography: v. 2, p. 595-622. |
| 651 #0 - SUBJECT ADDED ENTRY--GEOGRAPHIC NAME |
| Geographic name |
Georgia (Republic) |
| General subdivision |
Foreign relations |
| Geographic subdivision |
Russia. |
| 651 #0 - SUBJECT ADDED ENTRY--GEOGRAPHIC NAME |
| Geographic name |
Russia |
| General subdivision |
Foreign relations |
| Geographic subdivision |
Georgia (Republic) |
| 830 #0 - SERIES ADDED ENTRY--UNIFORM TITLE |
| Uniform title |
Works issued by the Hakluyt Society ; |
| Volume/sequential designation |
2nd ser., no. 138-139. |
| 906 ## - LOCAL DATA ELEMENT F, LDF (RLIN) |
| a |
7 |
| b |
cbc |
| c |
orignew |
| d |
2 |
| e |
opcn |
| f |
19 |
| g |
y-gencatlg |
| 942 ## - ADDED ENTRY ELEMENTS (KOHA) |
| Source of classification or shelving scheme |
Dewey Decimal Classification |
| Koha item type |
Books |